00477nam a22001457a 4500999001900000020001900019040001500038082002000053100002700073245007500100260003100175300001300206942001200219952010000231 c533705d533705 a978-1138628922 cMSOHAIL333 a333.910098bBOE aRutgerd Boelens927671 aWater, Power and Identity: The Cultural Politics of Water in the Andes aLondonbRoutledge; cc2015 a365;p;xv 2ddccBK 00102ddc4070aNITbNITd2020-01-16l0o333.910098 BOEpNIT-13087r2020-01-16w2020-01-16yBK